| 000 | 00634nam a22001937a 4500 | ||
|---|---|---|---|
| 999 |
_c187643 _d187643 |
||
| 005 | 20220426172715.0 | ||
| 010 | _aENG-132406 | ||
| 020 |
_a9788192171180 _c395.00 |
||
| 035 | _aEN-115938 | ||
| 037 | _bDBAD/PUB | ||
| 082 | _a613 | ||
| 100 | _aYadav, Amarjeet | ||
| 245 |
_aThe Yoga & Holistic Health/ _cAmarjeet Yadav and Sohan Raj Tater |
||
| 260 |
_aJaipur _bRashtriya Sahita Sansthan _c2017 |
||
| 270 |
_aC-14, First Floor, Opp. Khandelwal Girls College, Sansar Chandra Road _bJaipur _e302001 _mrssjpr@gmail.com |
||
| 300 |
_ax, 133p. _c22cm(hbk) |
||
| 700 | _aTater, Sohan Raj | ||
| 942 |
_2ddc _cEN _h613 _mYAD |
||